| 000 | 00628nam a2200205 i 4500 | ||
|---|---|---|---|
| 001 | 52588 | ||
| 003 | ES-MaACL | ||
| 005 | 20250830111224.0 | ||
| 007 | t| | ||
| 008 | 030901s1968 sp ||||1| cat d | ||
| 100 | 1 |
_aChenu, Marie-Dominique ( _d1895-1990) _938350 |
|
| 245 | 1 | 4 |
_aEls cristians i l'acció temporal / _cM.D. Chenu ; [traducció per Salvador Cabré]. |
| 250 | _a[1ª ed.]. | ||
| 260 |
_a[Barcelona] : _bEstela, _c[1968] |
||
| 300 |
_a179 p. ; _c20 cm. |
||
| 610 | 2 | 4 |
_aIglesia Católica _94639 |
| 700 | 1 |
_aCabré, Salvador. _933264 |
|
| 852 |
_aES-MaACL _jC-50497 _bR.67252 |
||
| 999 |
_c52588 _d52588 |
||